[Event "DEM U12/U12w 2014"]
[Site "Magdeburg GER"]
[Date "2014.06.08"]
[Round "1"]
[White "Graf, Justus Felix"]
[Black "Kirsten, Annika"]
[Result "1-0"]
[Termination "normal"]
[Board "25"]
[WhiteElo "1513"]
[BlackElo "1323"]
[PlyCount "121"]
[WhiteFideId "12929212"]
[BlackFideId "12961124"]
[EventCountry "GER"]
[EventRounds "11"]
[EventType "swiss"]
[EventDate "2014.06.07"]

1. e4 c5 2. Nf3 d6 3. d4 cxd4 4. Nxd4 Nf6 5. Nc3 g6 6. Be2 Bg7 7. Nb3 O-O 8.
O-O Nc6 9. Bg5 Bd7 10. f4 Qc7 11. Nd5 Qd8 12. Nxf6+ exf6 13. Bh4 Qc7 14. c3 f5
15. exf5 Bxf5 16. Bf3 Rfe8 17. Bf2 Be4 18. Re1 f5 19. Bxe4 Rxe4 20. Qd5+ Qf7
21. Rad1 Qxd5 22. Rxd5 Rae8 23. Kf1 Bh6 24. g3 Bf8 25. Nd2 R4e6 26. Nc4 h5 27.
b4 Rxe1+ 28. Bxe1 Rd8 29. Bf2 a6 30. Bb6 Rd7 31. Bc5 Ne7 32. Rxd6 Rxd6 33. Bxd6
Nd5 34. Be5 Bg7 35. Nd6 Bxe5 36. fxe5 Nxc3 37. a3 b5 38. Ke1 Nb1 39. Ke2 Nxa3
40. Kd3 Kf8 41. Kc3 Ke7 42. Kb2 Nc4+ 43. Nxc4 bxc4 44. Kc3 Ke6 45. Kxc4 Kxe5
46. Kc5 f4 47. gxf4+ Kxf4 48. Kb6 g5 49. Kxa6 g4 50. b5 g3 51. hxg3+ Kxg3 52.
b6 h4 53. b7 Kg2 54. b8=Q h3 55. Qb2+ Kh1 56. Qc1+ Kg2 57. Qd2+ Kh1 58. Qe1+
Kg2 59. Qe2+ Kh1 60. Qf2 h2 61. Qf1# 1-0

[Event "DEM U12/U12w 2014"]
[Site "Magdeburg GER"]
[Date "2014.06.08"]
[Round "1"]
[White "Ziegenfuß, Larissa"]
[Black "Bui, Hai Lam"]
[Result "0-1"]
[Termination "normal"]
[Board "26"]
[WhiteElo "1587"]
[BlackElo "1674"]
[PlyCount "126"]
[WhiteFideId "12974722"]
[BlackFideId "12975737"]
[EventCountry "GER"]
[EventRounds "11"]
[EventType "swiss"]
[EventDate "2014.06.07"]

1. e4 c5 2. Nf3 d6 3. d3 g6 4. Nbd2 Bg7 5. g3 Nc6 6. Bg2 Qc7 7. O-O b5 8. Re1
Bb7 9. h3 Nf6 10. a3 O-O 11. Qe2 Nd4 12. Nxd4 cxd4 13. Nf3 e5 14. Bg5 Nd7 15.
Rec1 Nc5 16. Rab1 f6 17. Bd2 f5 18. exf5 Rxf5 19. Nh4 Rf7 20. Bxb7 Qxb7 21. Ng2
Qd7 22. Kh2 Raf8 23. Rf1 d5 24. Bb4 Qc7 25. Bd2 Na4 26. b3 Nc3 27. Bxc3 Qxc3
28. f4 Qc6 29. fxe5 Rxf1 30. Rxf1 Rxf1 31. Qxf1 Bxe5 32. Qe2 Qd6 33. Qg4 h5 34.
Qg5 Kh7 35. a4 bxa4 36. bxa4 Bf6 37. Qf4 Qc6 38. Qf2 Bg7 39. Qf7 Qxc2 40. Qxa7
Qxd3 41. a5 Qf1 42. a6 d3 43. Qe3 d4 44. Qd2 Bh6 45. Nf4 Bxf4 46. gxf4 Qe2+ 47.
Qxe2 dxe2 48. a7 e1=Q 49. a8=Q Qf2+ 50. Kh1 Qf1+ 51. Kh2 Qxf4+ 52. Kh1 Qc1+ 53.
Kg2 Qc2+ 54. Kf3 Qf5+ 55. Kg2 Qd7 56. Qa1 d3 57. Qd1 d2 58. Kg3 Qd3+ 59. Kh2
Kh6 60. h4 Qd4 61. Kh1 Qxh4+ 62. Kg1 Qe1+ 63. Qxe1 dxe1=Q+ 0-1

[Event "DEM U12/U12w 2014"]
[Site "Magdeburg GER"]
[Date "2014.06.08"]
[Round "1"]
[White "Schallner, Marc"]
[Black "Bierfreund, Trine Maja"]
[Result "1-0"]
[Termination "normal"]
[Board "27"]
[WhiteElo "1668"]
[BlackElo "1288"]
[PlyCount "27"]
[WhiteFideId "12971243"]
[BlackFideId "12957372"]
[EventCountry "GER"]
[EventRounds "11"]
[EventType "swiss"]
[EventDate "2014.06.07"]

1. e4 e5 2. Nf3 Nc6 3. Bc4 Bc5 4. d3 Nf6 5. Nc3 O-O 6. Bg5 d6 7. Nd5 Bg4 8. h3
Bd7 9. O-O Re8 10. Nd2 Be6 11. Nxf6+ gxf6 12. Bh6 Bxc4 13. Qg4+ Kh8 14. Qg7#
1-0

[Event "DEM U12/U12w 2014"]
[Site "Magdeburg GER"]
[Date "2014.06.08"]
[Round "1"]
[White "Leimbach, Tim Vincent"]
[Black "Pfreundt, Mathis"]
[Result "0-1"]
[Termination "normal"]
[Board "28"]
[WhiteElo "1284"]
[BlackElo "1667"]
[PlyCount "78"]
[WhiteFideId "12988600"]
[BlackFideId "12967092"]
[EventCountry "GER"]
[EventRounds "11"]
[EventType "swiss"]
[EventDate "2014.06.07"]

1. e4 c5 2. Nf3 Nc6 3. Bb5 d6 4. Bxc6+ bxc6 5. d3 g6 6. Bf4 Bg7 7. Nc3 Rb8 8.
Rb1 Rxb2 9. Bd2 Rxb1 10. Qxb1 Qc7 11. O-O Bg4 12. Ne1 Bd4 13. Kh1 Bg7 14. f3
Be6 15. f4 Nf6 16. f5 Bd7 17. fxg6 hxg6 18. Nf3 d5 19. exd5 cxd5 20. Nb5 Qb6
21. a4 Nh5 22. Be1 a6 23. Qa2 axb5 24. axb5 Bxb5 25. Qxd5 Nf6 26. Qb3 Qa6 27.
Ne5 c4 28. dxc4 Bd7 29. Qd3 Qd6 30. Qf3 O-O 31. Bg3 Qc5 32. Qe2 Rd8 33. Qd3 Qc8
34. Qa3 Re8 35. Rd1 Bc6 36. Qb3 Qb7 37. Nxc6 Qxc6 38. Qb5 Rc8 39. Rd8+ Rxd8 0-1

[Event "DEM U12/U12w 2014"]
[Site "Magdeburg GER"]
[Date "2014.06.08"]
[Round "1"]
[White "Dietz, Florian"]
[Black "Gauchel, Verena"]
[Result "1-0"]
[Termination "normal"]
[Board "29"]
[WhiteElo "1860"]
[BlackElo "1273"]
[PlyCount "141"]
[WhiteFideId "12939897"]
[BlackFideId "12988537"]
[EventCountry "GER"]
[EventRounds "11"]
[EventType "swiss"]
[EventDate "2014.06.07"]

1. e4 b6 2. d4 Bb7 3. Bd3 Nf6 4. Nc3 e6 5. Bf4 Bb4 6. f3 d5 7. e5 Nfd7 8. Nge2
c5 9. Be3 c4 10. Bxh7 Rxh7 11. a3 Be7 12. Qd2 Nc6 13. O-O-O a6 14. Qe1 b5 15.
Na2 a5 16. Qg3 b4 17. a4 Nb6 18. b3 cxb3 19. cxb3 Rc8 20. Kb2 Qc7 21. Rc1 Ba6
22. Nf4 Bf8 23. Nxe6 Qe7 24. Nc5 Bb7 25. Bg5 Qc7 26. Bf4 Bxc5 27. dxc5 Na8 28.
e6 Qe7 29. Bg5 Qc7 30. Qg4 Kf8 31. Bf4 Ne5 32. Qf5 g6 33. Qxe5 Qxe5+ 34. Bxe5
fxe6 35. Rhe1 Kf7 36. h3 Rc6 37. Rc2 Nc7 38. Nc1 Ne8 39. Nd3 g5 40. Bd6 Kf6 41.
Ne5 Rc8 42. Ng4+ Kf7 43. Be5 Ng7 44. c6 Rxc6 45. Rxc6 Bxc6 46. Rc1 Be8 47. Rc7+
Kg6 48. Nf6 Rh8 49. Rxg7+ Kxg7 50. Nxe8+ Kg8 51. Bxh8 Kxh8 52. Nc7 Kg8 53. Nxe6
Kf7 54. Nxg5+ Kf6 55. h4 Kf5 56. g4+ Kf4 57. Ne6+ Kxf3 58. h5 Kxg4 59. h6 Kf5
60. h7 Kxe6 61. h8=Q Kf5 62. Qh6 Ke4 63. Kc2 d4 64. Qe6+ Kf4 65. Kd3 Kf3 66.
Qf5+ Kg3 67. Kxd4 Kg2 68. Ke3 Kg3 69. Qg5+ Kh3 70. Kf3 Kh2 71. Qg2# 1-0

[Event "DEM U12/U12w 2014"]
[Site "Magdeburg GER"]
[Date "2014.06.08"]
[Round "1"]
[White "Kose, Robert Paul"]
[Black "Zimmer, Raphael"]
[Result "0-1"]
[Termination "normal"]
[Board "30"]
[WhiteElo "1267"]
[BlackElo "1868"]
[PlyCount "70"]
[WhiteFideId "12982067"]
[BlackFideId "12978841"]
[EventCountry "GER"]
[EventRounds "11"]
[EventType "swiss"]
[EventDate "2014.06.07"]

1. e4 e5 2. Nf3 Nc6 3. d4 exd4 4. Bc4 Bc5 5. c3 Nf6 6. e5 d5 7. Bb5 Ne4 8. cxd4
Bb6 9. Nc3 O-O 10. Be3 Ba5 11. Qb3 Bf5 12. O-O Ne7 13. Ng5 c6 14. Ngxe4 dxe4
15. Be2 h6 16. Rfd1 Bxc3 17. bxc3 b6 18. f4 Be6 19. Qc2 f5 20. exf6 Rxf6 21.
Qxe4 Bd5 22. Qc2 Nf5 23. Bf2 Bxg2 24. Kxg2 Qd5+ 25. Kh3 Re8 26. Bg4 Ne3 27. Qb3
Nc4 28. Re1 Rxe1 29. Rxe1 h5 30. Re8+ Kh7 31. Qc2+ g6 32. Re7+ Kh6 33. f5 hxg4+
34. Kxg4 Qg2+ 35. Kf4 g5# 0-1

[Event "DEM U12/U12w 2014"]
[Site "Magdeburg GER"]
[Date "2014.06.08"]
[Round "1"]
[White "Wagner, Benjamin"]
[Black "Du, Jessica"]
[Result "1-0"]
[Termination "normal"]
[Board "31"]
[WhiteElo "1634"]
[BlackElo "1241"]
[PlyCount "43"]
[WhiteFideId "12957330"]
[BlackFideId "12988529"]
[EventCountry "GER"]
[EventRounds "11"]
[EventType "swiss"]
[EventDate "2014.06.07"]

1. e4 e5 2. Nf3 Nf6 3. Nxe5 d6 4. Nf3 Nxe4 5. d4 Bf5 6. Bd3 Be7 7. O-O d5 8.
Re1 Qd7 9. Nbd2 Nxd2 10. Qxd2 Bxd3 11. Qxd3 Nc6 12. Bg5 O-O-O 13. Bxe7 Nxe7 14.
Ne5 Qe8 15. Qa3 a6 16. Nxf7 Qxf7 17. Rxe7 Qg6 18. Qc5 Qd6 19. Rae1 g6 20. Qa7
Qxe7 21. Rxe7 Rde8 22. Qa8# 1-0

[Event "DEM U12/U12w 2014"]
[Site "Magdeburg GER"]
[Date "2014.06.08"]
[Round "1"]
[White "Kurzweil, Naemi"]
[Black "Hoffmann, Lennard"]
[Result "0-1"]
[Termination "normal"]
[Board "32"]
[WhiteElo "1231"]
[BlackElo "1801"]
[PlyCount "50"]
[WhiteFideId "12985708"]
[BlackFideId "12943495"]
[EventCountry "GER"]
[EventRounds "11"]
[EventType "swiss"]
[EventDate "2014.06.07"]

1. e4 c5 2. Nf3 d6 3. Bc4 Nf6 4. d3 g6 5. Bg5 Bg7 6. Nc3 O-O 7. Qd2 Nc6 8. Nd5
Nxd5 9. Bxd5 Be6 10. Bxe6 fxe6 11. c3 Qb6 12. Rb1 Rf7 13. Bh6 Raf8 14. Bxg7
Kxg7 15. O-O Qc7 16. Qg5 h6 17. Qg4 Rf6 18. a3 d5 19. b4 cxb4 20. axb4 Qd6 21.
d4 Rf4 22. Qg3 dxe4 23. Nh4 g5 24. Rbe1 Rxh4 25. Qe3 Qxh2# 0-1

[Event "DEM U12/U12w 2014"]
[Site "Magdeburg GER"]
[Date "2014.06.08"]
[Round "1"]
[White "Gheng, Dominik"]
[Black "Petrow, Jonas"]
[Result "1-0"]
[Termination "normal"]
[Board "33"]
[WhiteElo "1556"]
[BlackElo "1220"]
[PlyCount "63"]
[WhiteFideId "12906778"]
[BlackFideId "12991805"]
[EventCountry "GER"]
[EventRounds "11"]
[EventType "swiss"]
[EventDate "2014.06.07"]

1. e4 d6 2. d4 Nf6 3. Nc3 g6 4. Be3 Bg7 5. Qd2 O-O 6. f3 d5 7. e5 Ne8 8. h4 c6
9. g4 b5 10. h5 a5 11. hxg6 fxg6 12. Qh2 Kf7 13. Bd3 Na6 14. Qxh7 Ke6 15. Qxg6+
Kd7 16. Bf5+ Kc7 17. Bxc8 Qxc8 18. Rh7 Qd7 19. Bh6 Bxh6 20. Qxh6 Rg8 21. Qh4
Ng7 22. Qh6 e6 23. O-O-O Raf8 24. Nh3 Kb8 25. f4 Nc7 26. Rg1 Rf7 27. Rh8 Rff8
28. Rxg8 Rxg8 29. Qh7 Qf7 30. f5 Qf8 31. f6 Nge8 32. f7 1-0

[Event "DEM U12/U12w 2014"]
[Site "Magdeburg GER"]
[Date "2014.06.08"]
[Round "1"]
[White "Wanschura, David"]
[Black "Lieberwirth, Kasimir"]
[Result "0-1"]
[Termination "normal"]
[Board "34"]
[WhiteElo "1220"]
[BlackElo "1628"]
[PlyCount "88"]
[WhiteFideId "12982946"]
[BlackFideId "12988146"]
[EventCountry "GER"]
[EventRounds "11"]
[EventType "swiss"]
[EventDate "2014.06.07"]

1. d4 Nf6 2. c4 c5 3. Nf3 cxd4 4. Nxd4 e5 5. Nb3 d5 6. cxd5 Qxd5 7. Qxd5 Nxd5
8. e4 Nb4 9. Na3 a6 10. Bc4 b5 11. Bd5 Nxd5 12. exd5 Bb7 13. O-O Bxd5 14. Rd1
Be6 15. Bg5 f6 16. Bh4 Nc6 17. Rac1 Rc8 18. Nc2 Kf7 19. Bg3 Be7 20. f4 e4 21.
Ne3 f5 22. Nc5 Nb4 23. Nxe6 Kxe6 24. a3 Nd3 25. Rxc8 Rxc8 26. Rd2 Bc5 27. Re2
Bxe3+ 28. Rxe3 Rc1+ 29. Be1 Rxe1+ 30. Rxe1 Nxe1 31. Kf2 Nd3+ 32. Ke3 Nxb2 33.
Kd4 Nd1 34. g3 g6 35. h3 h6 36. g4 h5 37. gxh5 gxh5 38. h4 a5 39. Kc5 b4 40.
axb4 axb4 41. Kxb4 e3 42. Kc4 e2 43. Kd3 e1=Q 44. Kd4 Qc3# 0-1

[Event "DEM U12/U12w 2014"]
[Site "Magdeburg GER"]
[Date "2014.06.08"]
[Round "1"]
[White "Meyling, Lennart"]
[Black "Rapp, Lukas"]
[Result "1-0"]
[Termination "normal"]
[Board "35"]
[WhiteElo "1722"]
[BlackElo "1216"]
[PlyCount "31"]
[WhiteFideId "12947130"]
[BlackFideId "12989320"]
[EventCountry "GER"]
[EventRounds "11"]
[EventType "swiss"]
[EventDate "2014.06.07"]

1. c4 Nf6 2. Nc3 g6 3. d4 Bg7 4. e4 d6 5. f4 Nbd7 6. Nf3 Nb6 7. e5 Nfd7 8. a4
a5 9. Be2 c5 10. Nb5 d5 11. e6 fxe6 12. Ng5 Nf6 13. dxc5 h6 14. cxb6 hxg5 15.
Nc7+ Kf7 16. Nxa8 1-0

[Event "DEM U12/U12w 2014"]
[Site "Magdeburg GER"]
[Date "2014.06.08"]
[Round "1"]
[White "Ruppert, Paula"]
[Black "Pölt, Christoph"]
[Result "0-1"]
[Termination "normal"]
[Board "36"]
[WhiteElo "1202"]
[BlackElo "1741"]
[PlyCount "50"]
[WhiteFideId "12979996"]
[BlackFideId "12960853"]
[EventCountry "GER"]
[EventRounds "11"]
[EventType "swiss"]
[EventDate "2014.06.07"]

1. e4 e5 2. Nf3 Nc6 3. d4 exd4 4. Bc4 Be7 5. c3 Na5 6. Qxd4 Nxc4 7. Qxc4 d6 8.
O-O Nf6 9. Rd1 c6 10. Ne5 O-O 11. Bf4 Be6 12. Qe2 Qb6 13. Nc4 Bxc4 14. Qxc4 d5
15. exd5 Qxb2 16. Nd2 Nxd5 17. Be5 Bf6 18. Bxf6 Nxf6 19. Rab1 Qc2 20. Rxb7
Qxd1+ 21. Nf1 Qd5 22. Qf4 Qxa2 23. Rc7 Nd5 24. Qg3 Nxc7 25. Qxc7 a5 0-1

[Event "DEM U12/U12w 2014"]
[Site "Magdeburg GER"]
[Date "2014.06.08"]
[Round "1"]
[White "Huber, Benedikt"]
[Black "Eulitz, Charlotte"]
[Result "1-0"]
[Termination "normal"]
[Board "37"]
[WhiteElo "1719"]
[BlackElo "1191"]
[PlyCount "79"]
[WhiteFideId "12923583"]
[BlackFideId "12964654"]
[EventCountry "GER"]
[EventRounds "11"]
[EventType "swiss"]
[EventDate "2014.06.07"]

1. d4 d5 2. Bf4 Nf6 3. e3 e6 4. Nf3 Bd6 5. Bd3 b6 6. O-O Ba6 7. Ne5 Bxd3 8.
cxd3 O-O 9. Nc3 Qe7 10. h3 a6 11. Qa4 Nbd7 12. Qc6 Ra7 13. g4 Bxe5 14. dxe5 Ne8
15. e4 d4 16. Ne2 Nb8 17. Qc4 c5 18. b4 Rc7 19. bxc5 bxc5 20. Rfb1 Qd8 21. Rb3
g6 22. Rab1 Rc8 23. h4 Ng7 24. Bg5 Qa5 25. Rb6 Qa3 26. R1b2 Nc6 27. Bf4 f5 28.
exf6 Rxf6 29. R2b3 Qxa2 30. Nc1 Qa5 31. Bg3 h5 32. g5 Qe1+ 33. Kg2 Ne5 34. Qxa6
Rcf8 35. gxf6 Rxf6 36. Rb2 Ng4 37. Qc4 Kh7 38. Re2 Qa5 39. Rbb2 Kh6 40. Nb3 1-0

[Event "DEM U12/U12w 2014"]
[Site "Magdeburg GER"]
[Date "2014.06.08"]
[Round "1"]
[White "Kukulina, Sonja"]
[Black "Röhr, Tobias"]
[Result "0-1"]
[Termination "normal"]
[Board "38"]
[WhiteElo "1162"]
[BlackElo "1588"]
[PlyCount "50"]
[WhiteFideId "12977047"]
[BlackFideId "12963089"]
[EventCountry "GER"]
[EventRounds "11"]
[EventType "swiss"]
[EventDate "2014.06.07"]

1. e4 e5 2. Nf3 Nc6 3. Bc4 Bc5 4. c3 Nf6 5. d4 exd4 6. cxd4 Bb4+ 7. Nc3 Nxe4 8.
O-O Bxc3 9. d5 Bf6 10. Re1 Ne7 11. Rxe4 d6 12. Qe2 O-O 13. Bg5 Bxg5 14. Nxg5
Ng6 15. Nf3 Bf5 16. Re3 Nf4 17. Qd2 Qf6 18. Rb3 Be4 19. Re1 Rae8 20. Qe3 Qg6
21. g3 Nh3+ 22. Kf1 Qg4 23. Rc3 Ng5 24. Re2 Nxf3 25. Qf4 Qh3# 0-1

[Event "DEM U12/U12w 2014"]
[Site "Magdeburg GER"]
[Date "2014.06.08"]
[Round "1"]
[White "Rosenhain, Rachela"]
[Black "Weiten, Teresa"]
[Result "1-0"]
[Termination "normal"]
[Board "39"]
[WhiteElo "1659"]
[BlackElo "1137"]
[PlyCount "53"]
[WhiteFideId "12957615"]
[BlackFideId "12971944"]
[EventCountry "GER"]
[EventRounds "11"]
[EventType "swiss"]
[EventDate "2014.06.07"]

1. e4 e5 2. Nf3 Nc6 3. Bc4 Nf6 4. d4 exd4 5. O-O Bc5 6. e5 Ng4 7. Bf4 b6 8. h3
Nh6 9. Qd2 Nf5 10. c3 dxc3 11. Nxc3 Bb7 12. a3 Qe7 13. Bg5 Qf8 14. Nb5 Rc8 15.
Rad1 Nfd4 16. Nbxd4 Bxd4 17. Nxd4 Nxe5 18. Rfe1 f6 19. Bf4 Qd6 20. Bxe5 fxe5
21. Qe2 c5 22. Qxe5+ Qxe5 23. Rxe5+ Kf8 24. Nf5 Re8 25. Rxe8+ Kxe8 26. Nd6+ Ke7
27. Nxb7 1-0

[Event "DEM U12/U12w 2014"]
[Site "Magdeburg GER"]
[Date "2014.06.08"]
[Round "1"]
[White "Berelowitsch, Dana"]
[Black "Oganessjan, Artur"]
[Result "0-1"]
[Termination "normal"]
[Board "40"]
[WhiteElo "1102"]
[BlackElo "1761"]
[PlyCount "66"]
[WhiteFideId "12977144"]
[BlackFideId "12986062"]
[EventCountry "GER"]
[EventRounds "11"]
[EventType "swiss"]
[EventDate "2014.06.07"]

1. e4 e6 2. d4 c5 3. c3 d5 4. e5 Nc6 5. Nf3 Qb6 6. Be2 Bd7 7. O-O Rc8 8. Qd3
cxd4 9. cxd4 Nb4 10. Qb3 Nc2 11. Qxb6 axb6 12. Nc3 Nxa1 13. Bd3 Ne7 14. Bd2 Nc6
15. Rxa1 Be7 16. Rc1 O-O 17. a3 Na5 18. Rc2 Nc4 19. Be1 Rc7 20. Ne2 Rfc8 21.
Bc3 Ba4 22. Rc1 Na5 23. h3 Nb3 24. Rb1 Na5 25. Kh2 Bb3 26. Nd2 Bc4 27. Nxc4
Nxc4 28. Nf4 Nxa3 29. bxa3 Rxc3 30. Rxb6 g5 31. Rxb7 gxf4 32. Bxh7+ Kxh7 33.
Rxe7 R3c7 0-1

[Event "DEM U12/U12w 2014"]
[Site "Magdeburg GER"]
[Date "2014.06.08"]
[Round "1"]
[White "Liebeck, Eddie"]
[Black "Fricke, Edna Marlene"]
[Result "1-0"]
[Termination "normal"]
[Board "41"]
[WhiteElo "1676"]
[BlackElo "1081"]
[PlyCount "67"]
[WhiteFideId "12945854"]
[BlackFideId "12988839"]
[EventCountry "GER"]
[EventRounds "11"]
[EventType "swiss"]
[EventDate "2014.06.07"]

1. d4 c5 2. c3 d5 3. Bf4 g6 4. e3 Bg7 5. Nf3 Nf6 6. Bb5+ Nbd7 7. dxc5 O-O 8. c6
bxc6 9. Bxc6 Rb8 10. Bxb8 Nxb8 11. Ba4 Na6 12. Nd4 Nb8 13. O-O e5 14. Nf3 Ne8
15. Qb3 Na6 16. Bb5 Bb7 17. Qa3 Nec7 18. Be2 Re8 19. Rd1 Qd7 20. e4 d4 21. Nbd2
d3 22. Nc4 Rd8 23. Rxd3 Qe7 24. Qxe7 Rc8 25. Rd8+ Rxd8 26. Qxd8+ Bf8 27. Nd6
Bxe4 28. Nxe4 Ne6 29. Qc8 Nac7 30. Nfg5 Nxg5 31. Nxg5 Nd5 32. Qd7 Nb6 33. Qxf7+
Kh8 34. Qxh7# 1-0

[Event "DEM U12/U12w 2014"]
[Site "Magdeburg GER"]
[Date "2014.06.08"]
[Round "1"]
[White "Leib, Amina"]
[Black "Roho, Kevin"]
[Result "0-1"]
[Termination "normal"]
[Board "42"]
[WhiteElo "1076"]
[BlackElo "1643"]
[PlyCount "88"]
[WhiteFideId "12982970"]
[BlackFideId "12973734"]
[EventCountry "GER"]
[EventRounds "11"]
[EventType "swiss"]
[EventDate "2014.06.07"]

1. e4 d5 2. exd5 Nf6 3. Bb5+ Bd7 4. Bc4 c6 5. Nc3 cxd5 6. Nxd5 Nxd5 7. Bxd5 Nc6
8. Ne2 g6 9. O-O Bg7 10. c3 O-O 11. d4 e6 12. Bc4 Rc8 13. Be3 Nxd4 14. Nxd4
Rxc4 15. Qd3 Rc8 16. Rfd1 Qc7 17. Nf3 Bc6 18. Bc5 Rfd8 19. Qe3 Rxd1+ 20. Rxd1
Bxf3 21. Qxf3 Qxc5 22. Qxb7 Qc7 23. Qb5 Rd8 24. Rb1 Qb6 25. Qe2 Bxc3 26. b3 Rd2
27. Qf3 Rxf2 28. Qa8+ Kg7 29. Rf1 Rxa2+ 30. Kh1 Ra1 31. Qf3 Rxf1+ 32. Qxf1 Qxb3
33. g3 Qd5+ 34. Kg1 Bd4+ 35. Qf2 Bxf2+ 36. Kxf2 Qd3 37. h4 a5 38. g4 a4 39. h5
a3 40. hxg6 a2 41. gxh7 a1=Q 42. h8=Q+ Kxh8 43. g5 Qb2+ 44. Ke1 Qde2# 0-1

[Event "DEM U12/U12w 2014"]
[Site "Magdeburg GER"]
[Date "2014.06.08"]
[Round "1"]
[White "Santos, Leonardo"]
[Black "Svane, Freja"]
[Result "1-0"]
[Termination "normal"]
[Board "43"]
[WhiteElo "1451"]
[BlackElo "1031"]
[PlyCount "45"]
[WhiteFideId "12965049"]
[BlackFideId "12940100"]
[EventCountry "GER"]
[EventRounds "11"]
[EventType "swiss"]
[EventDate "2014.06.07"]

1. e4 e6 2. d4 d5 3. Nc3 Nf6 4. Bg5 Be7 5. e5 Nfd7 6. h4 Bxg5 7. hxg5 Qxg5 8.
Qd3 h6 9. Nf3 Qd8 10. O-O-O a6 11. g4 c5 12. dxc5 Nxc5 13. Qe3 Nbd7 14. g5 h5
15. g6 f5 16. exf6 Qxf6 17. Nxd5 Qxg6 18. Nc7+ Ke7 19. Nxa8 Qg4 20. Qg5+ Qxg5+
21. Nxg5 Kf6 22. Nf3 b5 23. Be2 1-0

[Event "DEM U12/U12w 2014"]
[Site "Magdeburg GER"]
[Date "2014.06.08"]
[Round "1"]
[White "Reuker, Ronja"]
[Black "Wachtel, Arthur"]
[Result "0-1"]
[Termination "normal"]
[Board "44"]
[WhiteElo "945"]
[BlackElo "1539"]
[PlyCount "70"]
[WhiteFideId "12947172"]
[BlackFideId "12988510"]
[EventCountry "GER"]
[EventRounds "11"]
[EventType "swiss"]
[EventDate "2014.06.07"]

1. e4 e6 2. Nf3 d5 3. Nc3 Nc6 4. d4 Nf6 5. e5 Ne4 6. Bf4 Bb4 7. Bd2 Nxd2 8.
Qxd2 O-O 9. a3 Bxc3 10. Qxc3 f6 11. Bd3 fxe5 12. dxe5 Bd7 13. Qd2 Rxf3 14. gxf3
Nxe5 15. Be2 Qf6 16. f4 Ng6 17. f5 Qxf5 18. Bd3 Qf6 19. Rb1 Rf8 20. Rf1 Nh4 21.
Qe3 Ng2+ 22. Ke2 Nxe3 23. fxe3 Qh4 24. Rh1 Qf2+ 25. Kd1 Qxe3 26. Re1 Qg5 27. c3
Rf2 28. Re2 Rxe2 29. Kxe2 e5 30. Bc2 e4 31. Bb3 Qg2+ 32. Ke3 Qf3+ 33. Kd2 Qd3+
34. Kc1 e3 35. Bc2 Qd2# 0-1

[Event "DEM U12/U12w 2014"]
[Site "Magdeburg GER"]
[Date "2014.06.08"]
[Round "1"]
[White "Biermann, Lenhard"]
[Black "Wolterink, Jule"]
[Result "1-0"]
[Termination "normal"]
[Board "45"]
[WhiteElo "1535"]
[BlackElo "943"]
[PlyCount "41"]
[WhiteFideId "12970077"]
[BlackFideId "12981206"]
[EventCountry "GER"]
[EventRounds "11"]
[EventType "swiss"]
[EventDate "2014.06.07"]

1. d4 d5 2. c4 e6 3. Nc3 Nf6 4. Nf3 Bb4 5. Bf4 O-O 6. e3 Bd7 7. Be2 Nc6 8. O-O
Ne7 9. h3 Ng6 10. Bh2 Bc6 11. Rc1 Bd7 12. Qc2 c6 13. Ne5 Nxe5 14. dxe5 Bxc3 15.
bxc3 Ne4 16. f3 Nc5 17. Rfd1 Qe7 18. Rd4 g6 19. Bf4 Rfd8 20. Bh6 Qh4 21. Rxh4
1-0

[Event "DEM U12/U12w 2014"]
[Site "Magdeburg GER"]
[Date "2014.06.08"]
[Round "1"]
[White "Albert, Eske"]
[Black "Jahn, Felix"]
[Result "0-1"]
[Termination "normal"]
[Board "46"]
[WhiteElo "893"]
[BlackElo "1517"]
[PlyCount "128"]
[WhiteFideId "12991813"]
[BlackFideId "12983632"]
[EventCountry "GER"]
[EventRounds "11"]
[EventType "swiss"]
[EventDate "2014.06.07"]

1. e4 e6 2. d4 d5 3. Nc3 Nf6 4. e5 Nfd7 5. Bb5 c5 6. Nf3 Nc6 7. O-O Qb6 8. Be3
Be7 9. Qd3 O-O 10. a3 cxd4 11. Bxd4 Nxd4 12. Nxd4 Nxe5 13. Qd2 a6 14. Be2 Ng6
15. Na4 Qc7 16. b3 b5 17. Nc3 Bf6 18. Rad1 Bxd4 19. Qxd4 Nf4 20. Rfe1 Nxe2+ 21.
Rxe2 Qd8 22. Qe5 Bb7 23. Rd4 Qb8 24. Qg5 f6 25. Qh5 Qe8 26. Qf3 Rf7 27. Qh5 Rc7
28. Qf3 e5 29. Rh4 d4 30. Ne4 Bxe4 31. Qxe4 g6 32. Qd5+ Kh8 33. Qd6 Qc6 34. Qb4
Qc3 35. Qxc3 Rxc3 36. Rd2 Rac8 37. g3 Rxc2 38. Rxc2 Rxc2 39. Re4 Rc3 40. Re2
Rxb3 41. Ra2 f5 42. a4 e4 43. axb5 axb5 44. Ra8+ Kg7 45. Ra7+ Kh6 46. Ra2 d3
47. h4 Rc3 48. Ra1 d2 49. Rd1 Rc1 50. Rxc1 dxc1=Q+ 51. Kg2 Kh5 52. f3 exf3+ 53.
Kxf3 Qe1 54. g4+ fxg4+ 55. Kf4 Qxh4 56. Ke5 Qe7+ 57. Kd5 Kg5 58. Kc6 Kf5 59.
Kxb5 Qc7 60. Kb4 g3 61. Kb5 g2 62. Kb4 g1=Q 63. Kb5 Qgb6+ 64. Ka4 Qca7# 0-1

[Event "DEM U12/U12w 2014"]
[Site "Magdeburg GER"]
[Date "2014.06.08"]
[Round "1"]
[White "Stork, Oliver"]
[Black "Kemke, Annabelle"]
[Result "1-0"]
[Termination "normal"]
[Board "47"]
[WhiteElo "1629"]
[BlackElo "855"]
[PlyCount "83"]
[WhiteFideId "12955728"]
[BlackFideId "12991821"]
[EventCountry "GER"]
[EventRounds "11"]
[EventType "swiss"]
[EventDate "2014.06.07"]

1. e4 e5 2. Nf3 Nc6 3. Bc4 Nf6 4. Ng5 d5 5. exd5 b5 6. dxc6 bxc4 7. O-O Bc5 8.
Qe2 Qd5 9. Nc3 Qd4 10. Nf3 Bg4 11. Nxd4 Bxe2 12. Ndxe2 O-O 13. Ng3 g6 14. Nge4
Nxe4 15. Nxe4 Be7 16. b3 f5 17. Nc3 Rf6 18. Nd5 Rf7 19. Nxe7+ Rxe7 20. Re1 Rb8
21. Bb2 Rb5 22. Re3 f4 23. Re4 Kf7 24. Rae1 Kf6 25. Rxf4+ Kg5 26. g3 Ra5 27.
h4+ Kh6 28. a4 cxb3 29. cxb3 Kg7 30. d4 Re6 31. dxe5 Rxc6 32. e6+ Kh6 33. e7
Rc2 34. Bf6 Rb2 35. e8=Q g5 36. g4 gxh4 37. g5+ Rxg5+ 38. Rg4 Rxg4+ 39. Kf1 Rf4
40. Bxb2 h3 41. Re5 Rg4 42. Rh5# 1-0